|
|
|
|
| LEADER |
00000nab a2200000 a 4500 |
| 001 |
vtls000252629 |
| 003 |
SK-MaSNL |
| 005 |
20260303204522.0 |
| 008 |
160215c1986 xo 0 slo |
| 015 |
|
|
|a SNBRB19rr/mm-uuuuu
|
| 035 |
|
|
|a CL0262743
|
| 040 |
|
|
|a SNKBUCL
|b slo
|c SNKBUCL
|e AACR2
|
| 041 |
0 |
|
|a slo
|
| 044 |
|
|
|a xo
|c SK
|
| 080 |
|
|
|a 76.071.1
|2 1981
|
| 080 |
|
|
|a 929 Štefka, Štefan
|2 1981
|
| 100 |
1 |
|
|a Mruškovič, Štefan,
|d 1932-2016
|4 aut
|9 161721
|
| 245 |
1 |
0 |
|a Organizátor i tvorca
|b Politický plagát Štefana Štefku
|c Štefan Mruškovič
|
| 650 |
0 |
7 |
|a Štefka, Štefan
|2 snkbucl
|9 936141
|
| 650 |
0 |
7 |
|a politické plagáty
|2 snkbucl
|9 89996
|
| 655 |
|
7 |
|a články z novín a časopisov
|2 snkbucl
|9 267496
|
| 773 |
0 |
|
|t Nové slovo
|g Roč. 28, č. 27 (1986)
|
| 850 |
|
|
|a Slovenská národná knižnica v Martine
|a MTA001
|
| 852 |
|
|
|a SNK
|b KIS3GCP
|
| 958 |
|
|
|a BX
|
| 958 |
|
|
|a RK
|
| 992 |
|
|
|a RBX
|
| 999 |
|
|
|c 2190352
|d 2192282
|